Famous Movie Quotes (easy) - Statistics

General Stats
  • This quiz has been taken 154 times
  • The average score is 10 of 15
Answer Stats
Line/Quote Answer % Correct
RUN FORREST, RUN!!! Forrest Gump
89%
AVENGERS, assemble Avengers: Endgame
88%
A long, long time ago in a galaxy far, far away... Star Wars
86%
YOU ARE A TOYYYYY!!! Toy Story
86%
Name's Bond. James Bond (if you don't get this question correct, you will not wanna know what's gonna happen next) James Bond
81%
I'll be back The Terminator
73%
Toto, I feel like we're not in Kansas anymore The Wizard of Oz
73%
I'm the KING OF THE WORLD! Titanic
66%
You're gonna need a bigger boat Jaws
65%
I'm gonna make him an offer he can't refuse. The Godfather
64%
Here's JOHNNY! The Shining
64%
Houston, we have a problem! Apollo 13
62%
Roads, where we're going, we don't need roads Back To The Future
43%
Get to the Choppa! Predator
33%
Get away from her you b**** (don't give me the franchise, give me the movie) Aliens
15%
No matching quizzes found
Score Distribution
Percent of People with Each Score
Percentile by Number Answered
Your Score History
You have not taken this quiz